Shrinking citizenship. - Amsterdam [u.a.] : Rodopi. - 2010 [Rezension]
| Titel: | Shrinking citizenship. - Amsterdam [u.a.] : Rodopi. - 2010 [Rezension] |
|---|---|
| Verfasser: | |
| In: |
Journal of Baltic studies, Band 42, Heft 4 (2011), Seite 567-570 alle Artikel anzeigen |
| Veröffentlicht: | 2011 |
| Format: | Aufsatz |
| Sprache: | Englisch |
X
alg: 39505443
001A $01999:12-11-16
001B $01999:04-08-21 $t21:03:20.000
001D $01999:12-11-16
001U $0utf8
001X $00
002@ $0Aox
003@ $0395054435
007A $0395054435 $aHEB
007T $0Herdc0077807m
010@ $aeng
011@ $a2011
021A $aShrinking citizenship. - Amsterdam {[u.a.] : Rodopi. - 2010 [Rezension]
028A $aAgarin $dTimofey
031A $d42 $e4 $h567-570 $j2011
039B $aIn $8--Abvc--. Journal of Baltic studies. - Abingdon : Routledge, 1972-. - ISSN 0162-9778 $x201100000420004433 $9047244860
039T $8--Aau--. Shrinking citizenship. - Amsterdam {[u.a.] : Rodopi, 2010. - 197 S.. - graph. Darst.. - ISBN 978-90-420-3133-3 $9244501998
045F $a900.94796 $eDDC23BSB
045F/01 $a900
045F/03 $g4796
045T $a7,41 $a7,44
lok: 39505443 78
exp: 39505443 78 1 #EPN
201B/01 $018-11-16 $t13:36:19.000
201U/01 $0utf8
203@/01 $0791353079
208@/01 $a12-11-16 $be
209A/01 $a/ $f000 $x00
220C/01 $aTitelaufnehmer: kk
220C/01 $aHerkunft: HI Marburg
244Z/01 $2Trx $#Latvija $#Lettland $#Łotwa $#Lotyšsko $8--Trx--Latvija $x01 $9391275879
244Z/01 $2Trx $#arvustused $#recenzijos $#Reviews $#recenziók $#recenzje $#recenzie $#recenze $8--Trx--Rezensionen $x02 $9391357441
247C/01 $82080>Marburg/Lahn, Herder-Institut, Forschungsbibliothek, Bibliographieportal $9336309341
| LEADER | 00000caa a22000002c 4500 | ||
|---|---|---|---|
| 001 | 395054435 | ||
| 003 | DE-603 | ||
| 005 | 20210804210320.0 | ||
| 007 | tu | ||
| 008 | 161112s2011 xx |||| | u00||u|eng c | ||
| 035 | |a (DE-599)HEB395054435 | ||
| 040 | |a DE-603 |b ger |c DE-603 |d DE-603 | ||
| 041 | |a eng | ||
| 082 | 0 | 4 | |8 1\u |a 900.94796 |q DE-101 |2 23/BSB |
| 084 | |a 7,41 |a 7,44 |2 ssgn | ||
| 085 | |8 1\u |b 900 | ||
| 085 | |8 1\u |z 2 |s 4796 | ||
| 100 | 1 | |a Agarin, Timofey | |
| 245 | 0 | 0 | |a Shrinking citizenship. - Amsterdam [u.a.] : Rodopi. - 2010 [Rezension] |
| 264 | 0 | |c 2011 | |
| 773 | 0 | 8 | |i In |t Journal of Baltic studies |d Abingdon : Routledge, 1972- |x 0162-9778 |g Band 42, Heft 4 (2011), Seite 567-570 |w (DE-603)047244860 |w (DE-600)197751-9 |
| 787 | 0 | 8 | |i Rezension von |t Shrinking citizenship |d Amsterdam [u.a.] : Rodopi, 2010 |h 197 S., graph. Darst. |z 9789042031333 |z 9042031336 |w (DE-603)244501998 |
| 924 | 0 | |9 2080 |a (DE-603)791353079 |b DE-2080 |c HES |d d |g / | |


